| 000 | 00924nam a22002657a 4500 | ||
|---|---|---|---|
| 001 | 9859 | ||
| 003 | FISKH | ||
| 005 | 20260309163812.0 | ||
| 008 | 260309b cb ||||| |||| 00| 0 eng d | ||
| 020 | _a9780142403624 | ||
| 040 |
_aFISKH _beng _cFISKH _dFISKH |
||
| 050 | _aTH9391 .K35 | ||
| 082 | _a974.7 | ||
| 100 |
_aKalman, Maira _eAuthor |
||
| 245 |
_aFireboat : _bThe heroic adventures of the John J. Harvey / _cby Maira Kalman |
||
| 260 |
_aNew York : _bPuffin Books , _c2002 |
||
| 300 |
_a40 unnumbered pages : _bcolor illustrations ; _c26 cm |
||
| 505 | _aL | ||
| 520 | _aA fireboat, launched in 1931, is retired after many years of fighting fires along the Hudson River, but is saved from being scrapped and then called into service again on September 11, 2001. | ||
| 521 | 8 |
_a600
_bLexile AD |
|
| 521 | 8 |
_aL
_bRaz-Plus |
|
| 650 |
_aTerrorism _vTransportation |
||
| 942 |
_2ddc _cBK _n0 |
||
| 999 |
_c9859 _d9859 |
||